| 000 | 01386nam a2200217 a 4500 | ||
|---|---|---|---|
| 005 | 20241023121310.0 | ||
| 008 | 100630t1999||||sp |||g p 1p0dspa d | ||
| 020 | _a8401462452 | ||
| 041 | _aspa | ||
| 092 |
_c808 _l81 _sSTE |
||
| 100 | 1 |
_aSteel, Danielle _93936 |
|
| 245 |
_aCinco dias en Paris / _cDanielle Steel |
||
| 250 |
_a4a ed. _bTraducción Gemma Moral Bartolome |
||
| 260 |
_aBarcelona: _bPlaza & Janes; _c1999. |
||
| 300 | _a251 p. | ||
| 500 | _aSteel, D. (1995). Cinco días en París. (4a ed.). Barcelona : Plaza & Janes. | ||
| 505 | _aArrastrados por las circunstancias, un hombre y su mujer ven cómo, a pesar de sus éxitos materiales, su respectivas vidas se encaminan hacia el desengaño y el fracaso. De orígenes humildes, Peter Haskell ha alcanzado un alto cargo en una empresa farmacéutica. No obstante, su matrimonio con Kate se desliza por la ciénaga del tedio y la incomprensión. Olivia es la esposa de un inescrupuloso senador que aspira a ocupar la Casa Blanca, y es la mujer perfecta para encarnar el papel de primera dama. Pero no está dispuesta a convertirse en una marioneta de su ambicioso marido. Peter y Olivia coinciden fortuitamente en París. Y este encuentro inesperado propiciará una arrebatadora historia de amor. | ||
| 590 | _aProyecto 4to Libro. Donación Victoria Lara, Mayo 2018. | ||
| 655 |
_aLiteratura _92917 |
||
| 942 |
_2lcc _cLIT |
||
| 999 |
_c2801 _d2801 |
||